| 000 | 00697nam a22002177a 4500 | ||
|---|---|---|---|
| 999 |
_c9666 _d9666 |
||
| 003 | AR-CdUCM | ||
| 008 | 190328b ||||| |||| 00| 0 spa d | ||
| 040 |
_aMUNICIPALIDAD PROVINCIAL DEL CUSCO _cBIBLIOTECA MUNICIPAL DEL CUSCO |
||
| 082 |
_a869.303 / _bV39 V / 1929 |
||
| 100 |
_aVega, Daniel de la _917809 |
||
| 245 | _aViento sur / | ||
| 260 |
_aSantiago de Chile : _bLuer & paye, _c1929 |
||
| 300 |
_a57 paginas ; _bIlustraciones, _c18 cm. |
||
| 440 |
_aLa novela nueva _nquinto volumen _926022 |
||
| 505 | _aContenido : Novelas | ||
| 650 |
_aNovela Chilena _99974 |
||
| 650 |
_aEnsayos literarios _926023 |
||
| 650 |
_aLiteratura Latinoamericana _9799 |
||
| 942 |
_2ddc _cLIBROS |
||
| 945 | _awnts | ||